Top 10 der heißesten asiatischen Länder - Statistiken

Allgemein
  • Dieses Quiz wurde 111 mal gespielt
  • Das Durchschnittsergebnis liegt bei 7 aus 10
Antwortstatistiken
° C Land ° F % Korrekt
27.0 Thailand 80.6
81%
27.7 Oman 81.9
80%
27.6 Sri Lanka 81.7
79%
28.1 Katar 82.6
73%
28.2 Vereinigte Arabische Emirate 82.8
71%
27.7 Bahrain 81.9
67%
27.6 Singapur 81.7
67%
28.2 Malediven 82.8
62%
27.4 Kambodscha 81.3
60%
27.9 Brunei 82.2
58%
Keine übereinstimmenden Quizze gefunden
Verteilung der Resultate
Anzahl Personen mit jedem Resultat
Perzentil nach korrekt beantworteten Fragen
Ihre Resultats-Entwicklung
Sie haben dieses Quiz noch nicht gespielt